Aportes geográficos al imaginario costarricense en el siglo XIX /

El artículo estudia la contribución de la geografía al desarrollo de un conjunto de elementos, como los localismos, la centralidad, el Valle Centralismo, el predominio de la población blanca, la "homogeneidad racial durante el siglo XIX", que contribuyeron a la construcción de algunas imág...

Olles dieđut

Furkejuvvon:
Bibliográfalaš dieđut
Váldodahkki: Meléndez Dobles, Silvia
Materiálatiipa: Texto
Fáttát:
Fáddágilkorat: Lasit fáddágilkoriid
Eai fáddágilkorat, Lasit vuosttaš fáddágilkora!

MARC

LEADER 00000 a a2200000 04500
001 13675
003
040
100 |a Meléndez Dobles, Silvia  
245 |a Aportes geográficos al imaginario costarricense en el siglo XIX /  |c Silvia Meléndez Dobles 
520 |a El artículo estudia la contribución de la geografía al desarrollo de un conjunto de elementos, como los localismos, la centralidad, el Valle Centralismo, el predominio de la población blanca, la "homogeneidad racial durante el siglo XIX", que contribuyeron a la construcción de algunas imágenes que identifican el ser costarricense. Se analiza igualmente cómo estos elementos evolucionan en el tiempo y cómo surgen otros nuevos  
650 |a NACIONALIDAD  
650 |a IDENTIDAD NACIONAL  
650 |a ESTADO NACION  
650 |a INDEPENDENCIA  
650 |a GEOGRAFIA  
650 |a POLITICA RACIAL  
650 |a COSTA RICA  
773 |g volumen 83, número 1; páginas 57-85  
999 |c 38950  |d 38950